00442nam a2200133Ia 450000500170000000800410001702000180005808200200007610000420009624500830013826000270022130000120024865000480026020241219135412.0231217s9999 xx 000 0 und d a9788131403501 a658.1 AMA;1 R aAmalraj, Hilda. Narender, Vunyale ed. 0aAdvances in research in business and finance, 2005 V.5 : international finance c2006bIcfaiaHyderabad avi, 157 aAdvances,business,finance,,2005,V.5,finance